000 00581nam a2200205Ia 4500
005 20260429112023.0
008 260429s9999||||xx |||||||||||||| ||und||
020 _a9781032335049
041 _aEnglish
082 _a371.9
_bWAL
100 _aWalton, Elizabeth
245 0 _aKnowledge of inclusive education :
_ban ecological approach /
_cElizabeth Walton
250 _a1st ed.
260 _aNew York :
_bRoutledge,
_c2025.
300 _axvi, 204 p.; pbk
650 _a Ecological approach
650 _a Educational policy
650 _aInclusive education
942 _cTB
999 _c51932
_d51932